[Event "14PCR_PF02"]
[Site "?"]
[Date "2003.??.??"]
[Round "?"]
[White "Pytlik, Lesek"]
[Black "Simunek, Jiri"]
[Result "1-0"]
[WhiteElo "2260"]
[BlackElo "1800"]
[PlyCount "87"]
[EventDate "2003.??.??"]
[EventType "tourn (corr)"]
[EventRounds "2"]
[SourceDate "2004.??.??"]

1. e4 e6 2. d4 d5 3. Nd2 c5 4. exd5 exd5 5. Ngf3 Nc6 6. Bb5 cxd4 7. Nxd4 Qe7+
8. Qe2 Qxe2+ 9. Kxe2 Bd7 10. N2f3 Bd6 11. Re1 Nge7 12. Be3 O-O 13. c3 Rfe8 14.
Kf1 a6 15. Bd3 b5 16. Rad1 Nxd4 17. Nxd4 b4 18. cxb4 Bxb4 19. Re2 Bd6 20. h3
Nc6 21. Nxc6 Bxc6 22. Rc2 Rec8 23. Rdc1 Bd7 24. Rxc8+ Rxc8 25. Rd1 Rc6 26. Be2
Be6 27. Bf3 Be7 28. a4 Rc4 29. a5 Rc2 30. Bxd5 Rxb2 31. Bb6 Rb5 32. Bb7 Bc4+
33. Kg1 Rb4 34. Rd7 Bf6 35. Bd5 Bxd5 36. Rxd5 h5 37. g3 h4 38. g4 Rb3 39. Rd7
Rxh3 40. Be3 Be5 41. Ra7 Rf3 42. Rxa6 h3 43. Ra8+ Kh7 44. Re8 1-0

[Event "14PCR_PF02"]
[Site "?"]
[Date "2003.??.??"]
[Round "?"]
[White "Nosek, Jaroslav"]
[Black "Portych, Vaclav"]
[Result "1-0"]
[WhiteElo "2275"]
[BlackElo "2060"]
[PlyCount "49"]
[EventDate "2003.??.??"]
[EventType "tourn (corr)"]
[EventRounds "2"]
[SourceDate "2004.??.??"]

1. e4 c5 2. Nf3 Nc6 3. d4 cxd4 4. Nxd4 Nf6 5. Nc3 e5 6. Ndb5 d6 7. Bg5 a6 8.
Na3 b5 9. Bxf6 gxf6 10. Nd5 Be7 11. c4 b4 12. Nc2 a5 13. Qh5 Be6 14. Be2 Bxd5
15. cxd5 Nb8 16. Ne3 Nd7 17. Nf5 Bf8 18. Bb5 Rc8 19. Bc6 h6 20. a3 Qc7 21. axb4
axb4 22. O-O Rg8 23. Ra6 Rg5 24. Qh3 Qd8 25. Ra7 1-0

[Event "14PCR_PF02"]
[Site "?"]
[Date "2003.??.??"]
[Round "?"]
[White "Trs, Jan"]
[Black "Glembek, Bohumir"]
[Result "1/2-1/2"]
[WhiteElo "2060"]
[BlackElo "2115"]
[PlyCount "82"]
[EventDate "2003.??.??"]
[EventType "tourn (corr)"]
[EventRounds "2"]
[SourceDate "2004.??.??"]

1. e4 Nf6 2. e5 Nd5 3. d4 d6 4. Nf3 dxe5 5. Nxe5 g6 6. Bc4 c6 7. O-O Nd7 8. Nc3
Nxe5 9. Bxd5 cxd5 10. dxe5 e6 11. Be3 Bg7 12. f4 Bd7 13. Bd4 a6 14. Qe1 b5 15.
Qe3 Qc7 16. Rfd1 O-O 17. Bb6 Qc6 18. Bc5 Rfc8 19. Bd6 Qb7 20. Rd2 Rc6 21. Rad1
Rac8 22. a3 Qb6 23. Qxb6 Rxb6 24. Be7 Rbc6 25. Kf2 Rc4 26. Ke3 g5 27. Bxg5 b4
28. Nb1 Rxc2 29. axb4 Bf8 30. Nc3 Rxd2 31. Rxd2 Bxb4 32. Kd3 Rc4 33. Rc2 f5 34.
Ne2 Bb5 35. Rxc4 Bxc4+ 36. Ke3 Bc5+ 37. Nd4 a5 38. Bh4 a4 39. Bf2 Kf7 40. Kd2
h6 41. Kc3 h5 1/2-1/2

[Event "14PCR_PF02"]
[Site "?"]
[Date "2003.??.??"]
[Round "?"]
[White "Simunek, Jiri"]
[Black "Glembek, Bohumir"]
[Result "0-1"]
[WhiteElo "1800"]
[BlackElo "2115"]
[PlyCount "86"]
[EventDate "2003.??.??"]
[EventType "tourn (corr)"]
[EventRounds "2"]
[SourceDate "2004.??.??"]

1. d4 Nf6 2. c4 g6 3. Nc3 d5 4. cxd5 Nxd5 5. e4 Nxc3 6. bxc3 Bg7 7. Be3 c5 8.
Nf3 Nc6 9. Be2 Bg4 10. Ng1 cxd4 11. cxd4 Qa5+ 12. Bd2 Bxe2 13. Nxe2 Qa6 14. Bc3
O-O 15. O-O Nxd4 16. Bxd4 Rad8 17. f4 Bxd4+ 18. Nxd4 Qc4 19. Qf3 Rxd4 20. Rac1
Qxa2 21. Rc7 Rfd8 22. Rxb7 Qc2 23. h3 a5 24. f5 Rd3 25. Qf4 Rd1 26. fxg6 Rxf1+
27. Qxf1 hxg6 28. Qf4 Rd1+ 29. Kh2 Qc5 30. Rb3 Re1 31. Rf3 f6 32. Qh6 Qd6+ 33.
Rg3 Rh1+ 34. Kxh1 Qxg3 35. Qd2 a4 36. Qb4 a3 37. Qxe7 Qc3 38. Qe6+ Kg7 39. Qe7+
Kh6 40. Qf8+ Kg5 41. Qf7 Qb2 42. h4+ Kf4 43. Qxg6 a2 0-1

[Event "14PCR_PF02"]
[Site "?"]
[Date "2003.??.??"]
[Round "?"]
[White "Portych, Vaclav"]
[Black "Trs, Jan"]
[Result "0-1"]
[WhiteElo "2060"]
[BlackElo "2060"]
[PlyCount "96"]
[EventDate "2003.??.??"]
[EventType "tourn (corr)"]
[EventRounds "2"]
[SourceDate "2004.??.??"]

1. c4 e5 2. Nc3 Nf6 3. Nf3 Nc6 4. g3 Bb4 5. Bg2 O-O 6. O-O e4 7. Ng5 Bxc3 8.
bxc3 Re8 9. f3 e3 10. dxe3 Qe7 11. Nh3 Qc5 12. Qa4 Ne5 13. Nf2 Qxc4 14. Qxc4
Nxc4 15. e4 d6 16. Bg5 Nd7 17. Nd3 Ndb6 18. Rab1 h6 19. Bc1 Rb8 20. f4 Na4 21.
Rb3 b5 22. e5 Bb7 23. Rxb5 Bxg2 24. Rxb8 Rxb8 25. Kxg2 Nxc3 26. exd6 cxd6 27.
Kf2 a5 28. a3 Rb3 29. g4 Ne4+ 30. Kg2 a4 31. f5 Nxa3 32. Bxa3 Rxa3 33. Rb1 Rb3
34. Ra1 a3 35. Kf3 Nc3 36. Nc1 Rb1 37. Rxb1 Nxb1 38. Na2 Nd2+ 39. Kf4 g5+ 40.
fxg6 fxg6 41. h3 Kg7 42. Ke3 Nb3 43. Kf4 Kf6 44. h4 Nc5 45. g5+ hxg5+ 46. hxg5+
Ke6 47. Nb4 Na6 48. Nc2 a2 0-1

[Event "14PCR_PF02"]
[Site "?"]
[Date "2003.??.??"]
[Round "?"]
[White "Prib, Josef"]
[Black "Nosek, Jaroslav"]
[Result "0-1"]
[WhiteElo "2100"]
[BlackElo "2275"]
[PlyCount "52"]
[EventDate "2003.??.??"]
[EventType "tourn (corr)"]
[EventRounds "2"]
[SourceDate "2004.??.??"]

1. c4 e5 2. Nc3 Nf6 3. g3 c6 4. d4 e4 5. Bg5 Bb4 6. Qb3 Na6 7. a3 Bxc3+ 8. bxc3
O-O 9. Bg2 Re8 10. c5 b6 11. cxb6 axb6 12. Bxf6 Qxf6 13. Qxb6 Rb8 14. Qa5 d5
15. Qa4 Rb2 16. Qd1 Bf5 17. a4 e3 18. Nf3 Nc5 19. O-O Nb3 20. fxe3 Qh6 21. Ra3
Qxe3+ 22. Kh1 Bc2 23. Qe1 Qe7 24. Rxb3 Bxb3 25. Ne5 f6 26. Qa1 Rxe2 0-1

[Event "14PCR_PF02"]
[Site "?"]
[Date "2003.??.??"]
[Round "?"]
[White "Pytlik, Lesek"]
[Black "Firla, Stanislav"]
[Result "0-1"]
[WhiteElo "2260"]
[BlackElo "2320"]
[PlyCount "128"]
[EventDate "2003.??.??"]
[EventType "tourn (corr)"]
[EventRounds "2"]
[SourceDate "2004.??.??"]

1. e4 e5 2. Nf3 Nc6 3. d4 exd4 4. Nxd4 Bc5 5. Be3 Qf6 6. c3 Qg6 7. Nb5 Bxe3 8.
Nxc7+ Kd8 9. Nxa8 Bf4 10. Qf3 Bb8 11. Nd2 b6 12. Qe3 Qh6 13. Nc4 Qxe3+ 14. Nxe3
Bb7 15. Nxb6 axb6 16. Rd1 Nf6 17. f3 Bf4 18. Kf2 Re8 19. Be2 Kc7 20. Nc4 Ne5
21. Na3 Kb8 22. g3 Bh6 23. Nc4 Re6 24. Nxe5 Rxe5 25. c4 Kc7 26. h3 d6 27. b3 g5
28. g4 Bg7 29. a4 h5 30. gxh5 Nxh5 31. h4 Nf4 32. Rdg1 Re7 33. Rxg5 Bd4+ 34.
Ke1 f6 35. Rg4 Nxe2 36. Kxe2 f5 37. Rg6 fxe4 38. f4 Rf7 39. Rf1 Rh7 40. Rh1 e3
41. Rh3 d5 42. h5 dxc4 43. bxc4 Ba6 44. Kd3 Rd7 45. Rg2 Bc5+ 46. Kc3 Rd1 47. h6
Bc8 48. Rhh2 Bf5 49. h7 Rd3+ 50. Kb2 Bd4+ 51. Ka2 Bh8 52. Rg1 Kc6 53. Rh6+ Kb7
54. Rh2 Be6 55. Rc2 Kc7 56. Rg8 Rd2 57. Kb3 e2 58. Rg1 Rd3+ 59. Kb4 Bd4 60.
h8=Q Bxh8 61. Rxe2 Bc3+ 62. Kb3 Bf6+ 63. Kc2 Bf5 64. Rgg2 Ra3+ 0-1

[Event "14PCR_PF02"]
[Site "?"]
[Date "2003.??.??"]
[Round "?"]
[White "Nosek, Jaroslav"]
[Black "Pytlik, Lesek"]
[Result "0-1"]
[WhiteElo "2275"]
[BlackElo "2260"]
[PlyCount "102"]
[EventDate "2003.??.??"]
[EventType "tourn (corr)"]
[EventRounds "2"]
[SourceDate "2004.??.??"]

1. e4 d6 2. d4 Nf6 3. Nc3 g6 4. Nf3 Bg7 5. Be2 O-O 6. O-O c5 7. d5 Na6 8. Re1
Nc7 9. a4 b6 10. Bf4 Bb7 11. Bc4 a6 12. Qd3 Nh5 13. Bg5 h6 14. Bd2 e5 15. Rab1
f5 16. b4 Bc8 17. bxc5 bxc5 18. Bc1 Ne8 19. Nd2 Nef6 20. Rb3 Nf4 21. Qf1 g5 22.
g3 Ng6 23. Bd3 f4 24. Nc4 Ra7 25. Nb6 Bg4 26. Bxa6 Nh5 27. Bc4 Nxg3 28. fxg3
fxg3 29. Qg2 gxh2+ 30. Kxh2 h5 31. Rf1 Raf7 32. Rxf7 Rxf7 33. Be2 Bxe2 34. Nxe2
g4 35. Qg3 Rf1 36. Be3 Nf4 37. Ng1 Qg5 38. Bf2 Bf6 39. Nd7 Bd8 40. Nf3 Qg7 41.
Nxc5 Ne2 42. Ne6 Nxg3 43. Nxg7 Nxe4 44. Bh4 Kxg7 45. Bxd8 gxf3 46. Bh4 Kg6 47.
Rb8 Kf5 48. a5 Kf4 49. a6 Ra1 50. Rf8+ Ke3 51. Rf5 Nf2 0-1

[Event "14PCR_PF02"]
[Site "?"]
[Date "2003.??.??"]
[Round "?"]
[White "Trs, Jan"]
[Black "Prib, Josef"]
[Result "1/2-1/2"]
[WhiteElo "2060"]
[BlackElo "2100"]
[PlyCount "100"]
[EventDate "2003.??.??"]
[EventType "tourn (corr)"]
[EventRounds "2"]
[SourceDate "2004.??.??"]

1. d4 Nf6 2. c4 g6 3. Nc3 Bg7 4. e4 d6 5. Nf3 O-O 6. Be2 e5 7. d5 a5 8. Bg5 h6
9. Bh4 Na6 10. Nd2 Nc5 11. Qc2 a4 12. O-O Bd7 13. b4 axb3 14. axb3 g5 15. Bg3
Na6 16. Rfc1 Ne8 17. Qd1 f5 18. exf5 Bxf5 19. Bg4 Bg6 20. Nce4 Nf6 21. Bf3 Qe7
22. Qe2 Nb4 23. Nxf6+ Qxf6 24. Ne4 Qe7 25. Rxa8 Rxa8 26. Qd2 Na6 27. h3 Rf8 28.
Qe2 Bh8 29. Qe3 Bg7 30. Ra1 Bf5 31. Bg4 Bg6 32. f3 Kh8 33. Bf2 Qf7 34. Qa7 Bxe4
35. fxe4 Nb4 36. Be6 Qf6 37. Bf5 Nc2 38. Rf1 c5 39. Qxb7 Nd4 40. Be1 Nxf5 41.
Rxf5 Qd8 42. b4 Rxf5 43. exf5 cxb4 44. Bxb4 e4 45. Kf1 g4 46. hxg4 Be5 47. Bd2
Qh4 48. Qc8+ Kg7 49. f6+ Qxf6+ 50. Ke2 Bg3 1/2-1/2

[Event "14PCR_PF02"]
[Site "?"]
[Date "2003.??.??"]
[Round "?"]
[White "Glembek, Bohumir"]
[Black "Portych, Vaclav"]
[Result "0-1"]
[WhiteElo "2115"]
[BlackElo "2060"]
[PlyCount "74"]
[EventDate "2003.??.??"]
[EventType "tourn (corr)"]
[EventRounds "2"]
[SourceDate "2004.??.??"]

1. e4 c5 2. f4 d5 3. exd5 Nf6 4. Nc3 Nxd5 5. Nf3 Nxf4 6. d4 Nd5 7. Bc4 Nxc3 8.
bxc3 e6 9. O-O Nd7 10. Bg5 Be7 11. Bxe7 Qxe7 12. Qe2 Nf6 13. Rad1 O-O 14. Qd3
Bd7 15. Ng5 Rfd8 16. Rxf6 Qxf6 17. Qxh7+ Kf8 18. Nxf7 Qf5 19. Qh4 Kxf7 20. Rf1
Qxf1+ 21. Kxf1 Rac8 22. d5 Rf8 23. d6 Rce8 24. Kg1 b6 25. Qh5+ Kg8 26. g4 Rf6
27. g5 g6 28. Qh6 Rf7 29. Qxg6+ Rg7 30. Qh5 b5 31. Bd3 c4 32. Bf1 e5 33. a4 Re6
34. axb5 Bxb5 35. d7 Rxd7 36. Bh3 Rdd6 37. Qe8+ Rxe8 0-1

[Event "14PCR_PF02"]
[Site "?"]
[Date "2003.??.??"]
[Round "?"]
[White "Simunek, Jiri"]
[Black "Portych, Vaclav"]
[Result "0-1"]
[WhiteElo "1800"]
[BlackElo "2060"]
[PlyCount "68"]
[EventDate "2003.??.??"]
[EventType "tourn (corr)"]
[EventRounds "2"]
[SourceDate "2004.??.??"]

1. d4 Nf6 2. c4 e6 3. Nc3 Bb4 4. Qc2 d5 5. a3 Bxc3+ 6. Qxc3 Ne4 7. Qc2 c5 8.
dxc5 Nc6 9. e3 Qa5+ 10. Bd2 Nxd2 11. Qxd2 dxc4 12. Rc1 Qxc5 13. Bxc4 Qg5 14. f4
Qh4+ 15. g3 Qe7 16. Nf3 O-O 17. O-O Rd8 18. Qc3 Bd7 19. Rfd1 Rac8 20. Qd3 h6
21. Qe4 a6 22. Rc2 b5 23. Bb3 Na5 24. Rxc8 Rxc8 25. Bc2 f5 26. Qd3 Bc6 27. Nd2
Bb7 28. Bb1 Rd8 29. Qc2 Qd6 30. Ba2 Be4 31. Qc3 Nc4 32. Bxc4 bxc4 33. Kf2 Qd5
34. a4 Bh1 0-1

[Event "14PCR_PF02"]
[Site "?"]
[Date "2003.??.??"]
[Round "?"]
[White "Prib, Josef"]
[Black "Glembek, Bohumir"]
[Result "1/2-1/2"]
[WhiteElo "2100"]
[BlackElo "2115"]
[PlyCount "40"]
[EventDate "2003.??.??"]
[EventType "tourn (corr)"]
[EventRounds "2"]
[SourceDate "2004.??.??"]

1. c4 Nf6 2. Nf3 e6 3. g3 b6 4. Bg2 Bb7 5. O-O d5 6. cxd5 exd5 7. d4 Be7 8. Nc3
O-O 9. Bf4 Na6 10. Rc1 c5 11. dxc5 bxc5 12. Ne5 Nc7 13. Nc4 Rb8 14. Bxc7 Qxc7
15. Nxd5 Bxd5 16. Bxd5 Rbd8 17. e4 Nxe4 18. Qf3 Rxd5 19. Qxe4 Qd7 20. Rfe1 Bd8
1/2-1/2

[Event "14PCR_PF02"]
[Site "?"]
[Date "2003.??.??"]
[Round "?"]
[White "Pytlik, Lesek"]
[Black "Trs, Jan"]
[Result "1/2-1/2"]
[WhiteElo "2260"]
[BlackElo "2060"]
[PlyCount "77"]
[EventDate "2003.??.??"]
[EventType "tourn (corr)"]
[EventRounds "2"]
[SourceDate "2004.??.??"]

1. e4 c5 2. Nf3 d6 3. g3 Nf6 4. d3 g6 5. Bg2 Bg7 6. O-O O-O 7. h3 Nc6 8. Nc3
Rb8 9. a4 a6 10. Be3 b5 11. axb5 axb5 12. Qd2 b4 13. Ne2 e5 14. Bh6 Be6 15.
Bxg7 Kxg7 16. Ng5 h6 17. Nxe6+ fxe6 18. f4 exf4 19. gxf4 e5 20. c3 Ra8 21. Rxa8
Qxa8 22. cxb4 Nxb4 23. fxe5 dxe5 24. d4 exd4 25. Nxd4 Qe8 26. Nb3 Qe5 27. Rd1
Re8 28. Qc3 Qxc3 29. bxc3 Nd3 30. Rxd3 c4 31. Rd4 cxb3 32. Rb4 g5 33. Kh2 Re5
34. Bf3 Re6 35. Kg2 h5 36. Rxb3 g4 37. hxg4 hxg4 38. Be2 Rxe4 39. Ba6 1/2-1/2

[Event "14PCR_PF02"]
[Site "?"]
[Date "2003.??.??"]
[Round "?"]
[White "Firla, Stanislav"]
[Black "Nosek, Jaroslav"]
[Result "1/2-1/2"]
[WhiteElo "2320"]
[BlackElo "2275"]
[PlyCount "49"]
[EventDate "2003.??.??"]
[EventType "tourn (corr)"]
[EventRounds "2"]
[SourceDate "2004.??.??"]

1. c4 Nf6 2. d4 e6 3. Nf3 c5 4. e3 d5 5. cxd5 exd5 6. Bb5+ Bd7 7. Bxd7+ Qxd7 8.
O-O Nc6 9. b3 cxd4 10. Nxd4 Bd6 11. Bb2 Be5 12. f4 Bxd4 13. Bxd4 Nxd4 14. Qxd4
O-O 15. Nc3 Qe7 16. Rad1 Rad8 17. Rd3 b6 18. Rfd1 Rfe8 19. e4 dxe4 20. Qxd8
exd3 21. Qxe7 Rxe7 22. Rxd3 Kf8 23. Kf2 Re6 24. h3 h5 25. Nb5 1/2-1/2

[Event "14PCR_PF02"]
[Site "?"]
[Date "2003.??.??"]
[Round "?"]
[White "Nosek, Jaroslav"]
[Black "Simunek, Jiri"]
[Result "1-0"]
[WhiteElo "2275"]
[BlackElo "1800"]
[PlyCount "59"]
[EventDate "2003.??.??"]
[EventType "tourn (corr)"]
[EventRounds "2"]
[SourceDate "2004.??.??"]

1. e4 e6 2. d4 d5 3. Nc3 Nf6 4. Bg5 dxe4 5. Nxe4 Nbd7 6. Nxf6+ Nxf6 7. Bd3 h6
8. Bh4 Bd7 9. Nf3 c5 10. O-O cxd4 11. Nxd4 Qb6 12. c3 Bc5 13. Nb3 Be7 14. Re1
O-O 15. Qe2 Rac8 16. Rad1 Rfd8 17. Nd4 Ba4 18. Rd2 g5 19. Bg3 Rxd4 20. cxd4 Bb4
21. h4 Qa5 22. Qf3 Qd8 23. hxg5 Bxd2 24. gxf6 Kf8 25. Re5 Rc1+ 26. Kh2 Bc6 27.
Qe2 Bb4 28. Qe3 Rd1 29. Qxh6+ Ke8 30. Bc4 1-0

[Event "14PCR_PF02"]
[Site "?"]
[Date "2003.??.??"]
[Round "?"]
[White "Trs, Jan"]
[Black "Firla, Stanislav"]
[Result "0-1"]
[WhiteElo "2060"]
[BlackElo "2320"]
[PlyCount "120"]
[EventDate "2003.??.??"]
[EventType "tourn (corr)"]
[EventRounds "2"]
[SourceDate "2004.??.??"]

1. c4 e5 2. Nf3 Nf6 3. Nc3 Nc6 4. g3 Bc5 5. Bg2 d6 6. O-O O-O 7. d3 a6 8. Bg5
h6 9. Bxf6 Qxf6 10. Nd2 Qd8 11. e3 Bf5 12. Nde4 Ba7 13. b4 Ne7 14. a4 c6 15. a5
Qd7 16. d4 exd4 17. exd4 Rad8 18. d5 Rfe8 19. Re1 cxd5 20. cxd5 Ng6 21. Rb1 Bg4
22. Qc2 f5 23. Nd2 Ne5 24. h3 Bh5 25. b5 axb5 26. Nxb5 Bc5 27. Nc4 Nf3+ 28.
Bxf3 Rxe1+ 29. Rxe1 Bxf3 30. Nc3 f4 31. Kh2 Qf7 32. Ne4 Re8 33. Ncd2 fxg3+ 34.
fxg3 Bh5 35. Qc4 Re5 36. Rf1 Qxd5 37. Qxd5+ Rxd5 38. Rb1 Be3 39. Nc4 Bg6 40.
Nxe3 Bxe4 41. Nxd5 Bxb1 42. Nc3 Bd3 43. Kg2 Kf7 44. h4 Ke6 45. Kf3 Ke5 46. Ke3
Ba6 47. Ne4 d5 48. Nf2 d4+ 49. Kd2 Kd5 50. Kc2 Bb5 51. Kd2 Bd7 52. Nd3 Bf5 53.
Nf4+ Kc5 54. Nh5 g6 55. Nf6 h5 56. Ne8 Kd5 57. Nf6+ Kd6 58. Nh7 Kc5 59. Ng5 Kb5
60. Nf3 d3 0-1

[Event "14PCR_PF02"]
[Site "?"]
[Date "2003.??.??"]
[Round "?"]
[White "Glembek, Bohumir"]
[Black "Pytlik, Lesek"]
[Result "0-1"]
[WhiteElo "2115"]
[BlackElo "2260"]
[PlyCount "68"]
[EventDate "2003.??.??"]
[EventType "tourn (corr)"]
[EventRounds "2"]
[SourceDate "2004.??.??"]

1. d4 Nf6 2. c4 e6 3. Nc3 Bb4 4. e3 O-O 5. Bd3 d5 6. Nge2 c5 7. O-O cxd4 8.
exd4 dxc4 9. Bxc4 Nc6 10. a3 Bd6 11. Qc2 b6 12. Qd3 Bb7 13. Rd1 Ne7 14. Bg5 Ng6
15. Qh3 Rc8 16. Ba2 h6 17. Bxf6 Qxf6 18. d5 Bc5 19. dxe6 Kh8 20. exf7 Bxf2+ 21.
Kh1 Rc5 22. Qd3 Rg5 23. Bd5 Bxd5 24. Nxd5 Qxf7 25. Qf3 Rf5 26. Qg4 h5 27. Qe4
Re8 28. Qc4 Ne7 29. Nef4 Nxd5 30. Nxd5 Rd8 31. Nxb6 Rxd1+ 32. Rxd1 Bxb6 33.
Qxf7 Rxf7 34. b4 h4 0-1

[Event "14PCR_PF02"]
[Site "?"]
[Date "2003.??.??"]
[Round "?"]
[White "Portych, Vaclav"]
[Black "Prib, Josef"]
[Result "1/2-1/2"]
[WhiteElo "2060"]
[BlackElo "2100"]
[PlyCount "52"]
[EventDate "2003.??.??"]
[EventType "tourn (corr)"]
[EventRounds "2"]
[SourceDate "2004.??.??"]

1. c4 e5 2. Nc3 Nf6 3. Nf3 Nc6 4. g3 d5 5. cxd5 Nxd5 6. Bg2 Nxc3 7. bxc3 e4 8.
Ng1 f5 9. d3 exd3 10. exd3 Bd6 11. Ne2 O-O 12. O-O Re8 13. Be3 Ne5 14. Bxb7
Bxb7 15. Qb3+ Kh8 16. Qxb7 Nxd3 17. Rfd1 Ne5 18. Bxa7 Qe7 19. Nd4 f4 20. Nb5
Qe6 21. Nxd6 f3 22. Qb5 cxd6 23. Bd4 Reb8 24. Qf1 Rxa2 25. Rxa2 Qxa2 26. Bxe5
dxe5 1/2-1/2

[Event "14PCR_PF02"]
[Site "?"]
[Date "2003.??.??"]
[Round "?"]
[White "Pytlik, Lesek"]
[Black "Portych, Vaclav"]
[Result "1/2-1/2"]
[WhiteElo "2260"]
[BlackElo "2060"]
[PlyCount "76"]
[EventDate "2003.??.??"]
[EventType "tourn (corr)"]
[EventRounds "2"]
[SourceDate "2004.??.??"]

1. e4 c5 2. Nf3 Nc6 3. Bb5 g6 4. Bxc6 bxc6 5. O-O Bg7 6. Re1 Nf6 7. e5 Nd5 8.
d4 cxd4 9. Qxd4 O-O 10. c4 Nb4 11. Qd2 Rb8 12. a3 Na6 13. b4 c5 14. b5 Nc7 15.
Bb2 Bb7 16. Qe3 Ne6 17. Nc3 d6 18. Ne4 d5 19. Nxc5 Nxc5 20. Qxc5 dxc4 21. Qxc4
Bxf3 22. gxf3 a6 23. a4 axb5 24. axb5 Qb6 25. Ba3 Qxb5 26. Qxb5 Rxb5 27. f4 Rb7
28. Kg2 Rfb8 29. Bc5 e6 30. Bd6 Rd8 31. h4 Bf8 32. Bxf8 Kxf8 33. Red1 Rdb8 34.
Kg3 h6 35. f3 h5 36. Rac1 Ke7 37. Rc2 Ra8 38. Rdc1 Rd7 1/2-1/2

[Event "14PCR_PF02"]
[Site "?"]
[Date "2003.??.??"]
[Round "?"]
[White "Firla, Stanislav"]
[Black "Glembek, Bohumir"]
[Result "1/2-1/2"]
[WhiteElo "2320"]
[BlackElo "2115"]
[PlyCount "87"]
[EventDate "2003.??.??"]
[EventType "tourn (corr)"]
[EventRounds "2"]
[SourceDate "2004.??.??"]

1. e4 e5 2. f4 Nc6 3. Nf3 f5 4. exf5 exf4 5. d4 d5 6. Bb5 Bd6 7. Nc3 a6 8. Ba4
Nge7 9. f6 gxf6 10. O-O Qd7 11. Nh4 Qg4 12. Qxg4 Bxg4 13. Bxc6+ bxc6 14. Bxf4
Rf8 15. Rae1 Kd7 16. Na4 Rae8 17. Bh6 Rf7 18. a3 Bh5 19. Nc5+ Bxc5 20. dxc5 Rg8
21. Bf4 Bg6 22. Nxg6 hxg6 23. Bd2 Nf5 24. Bc3 Rgf8 25. b4 Re7 26. Rxe7+ Kxe7
27. Rf3 Ng7 28. Rh3 Ne6 29. Rh6 g5 30. Kf2 Ng7 31. g3 Ke6 32. Kf3 Nf5 33. Rh7
Rf7 34. Rh8 Re7 35. Rf8 d4 36. Bd2 Rh7 37. Kg2 Rd7 38. Re8+ Ne7 39. h4 gxh4 40.
gxh4 Kf7 41. Rh8 d3 42. cxd3 Rxd3 43. Be1 Kg7 44. Re8 1/2-1/2

[Event "14PCR_PF02"]
[Site "?"]
[Date "2003.??.??"]
[Round "?"]
[White "Nosek, Jaroslav"]
[Black "Trs, Jan"]
[Result "1/2-1/2"]
[WhiteElo "2275"]
[BlackElo "2060"]
[PlyCount "80"]
[EventDate "2003.??.??"]
[EventType "tourn (corr)"]
[EventRounds "2"]
[SourceDate "2004.??.??"]

1. e4 c6 2. d4 d5 3. Nc3 dxe4 4. Nxe4 Nd7 5. Ng5 Ngf6 6. Bc4 e6 7. Qe2 Nb6 8.
Bb3 h6 9. N5f3 a5 10. a3 a4 11. Ba2 c5 12. Bf4 Nbd5 13. Be5 Qa5+ 14. Nd2 b5 15.
Ngf3 c4 16. O-O Bb7 17. c3 Rd8 18. Bb1 Be7 19. Re1 O-O 20. Ne4 Nd7 21. Bg3 Qb6
22. h3 Rfe8 23. Ne5 Nxe5 24. dxe5 Qc6 25. Qg4 Kh8 26. Bc2 Rf8 27. Rad1 f5 28.
exf6 Nxf6 29. Qf3 Rxd1 30. Qxd1 Rd8 31. Qf3 Qc8 32. Be5 Rd2 33. Bxf6 Bxf6 34.
Re2 Rxe2 35. Qxe2 Be7 36. Qh5 Bd5 37. Qg6 Qg8 38. f4 Bc6 39. Ng3 Bd6 40. Ne2
Bd5 1/2-1/2

[Event "14PCR_PF02"]
[Site "?"]
[Date "2003.??.??"]
[Round "?"]
[White "Trs, Jan"]
[Black "Simunek, Jiri"]
[Result "1-0"]
[WhiteElo "2060"]
[BlackElo "1800"]
[PlyCount "99"]
[EventDate "2003.??.??"]
[EventType "tourn (corr)"]
[EventRounds "2"]
[SourceDate "2004.??.??"]

1. e4 e6 2. d4 d5 3. Nc3 Nf6 4. Bg5 dxe4 5. Nxe4 Nbd7 6. Nxf6+ Nxf6 7. Nf3 h6
8. Bh4 Bd7 9. c3 Bd6 10. Ne5 g5 11. Bg3 Qe7 12. Bd3 O-O-O 13. O-O h5 14. Nc4
Bxg3 15. fxg3 Nd5 16. Qf3 h4 17. Qxf7 hxg3 18. hxg3 Bb5 19. Qxe7 Nxe7 20. Rf7
Nf5 21. Re1 Rh6 22. Ne5 Bxd3 23. Nxd3 Nxg3 24. Kf2 Nf5 25. Nc5 Nd6 26. Rg7 Rf8+
27. Kg1 Re8 28. Re2 b6 29. Na6 c6 30. Rxa7 Reh8 31. Rc7+ Kd8 32. Rxc6 g4 33.
Kf2 e5 34. dxe5 Ne4+ 35. Rxe4 Rxc6 36. Rxg4 Re6 37. Nb4 Rf8+ 38. Kg3 Rf5 39.
Nd3 Rf1 40. c4 Rd1 41. Rd4+ Ke7 42. Kf4 Rg6 43. g4 Rg8 44. a4 Rg1 45. Kf3 Rf1+
46. Ke2 Rb1 47. b4 Ra1 48. c5 Rxa4 49. cxb6 Ra2+ 50. Kf3 1-0

[Event "14PCR_PF02"]
[Site "?"]
[Date "2003.??.??"]
[Round "?"]
[White "Glembek, Bohumir"]
[Black "Nosek, Jaroslav"]
[Result "1/2-1/2"]
[WhiteElo "2115"]
[BlackElo "2275"]
[PlyCount "49"]
[EventDate "2003.??.??"]
[EventType "tourn (corr)"]
[EventRounds "2"]
[SourceDate "2004.??.??"]

1. d4 Nf6 2. c4 e6 3. Nc3 Bb4 4. e3 O-O 5. Bd3 c5 6. Nge2 cxd4 7. exd4 d5 8.
cxd5 Nxd5 9. a3 Ba5 10. O-O Nc6 11. Nxd5 Qxd5 12. Qc2 h6 13. Rd1 Bb6 14. Bh7+
Kh8 15. Be4 Qh5 16. Bf4 Rd8 17. b4 Nxd4 18. Nxd4 Bxd4 19. Qc5 Qd5 20. Qxd5 Rxd5
21. Rac1 Rd8 22. Be5 Bb6 23. a4 a5 24. Rxd8+ Bxd8 25. b5 1/2-1/2

[Event "14PCR_PF02"]
[Site "?"]
[Date "2003.??.??"]
[Round "?"]
[White "Portych, Vaclav"]
[Black "Firla, Stanislav"]
[Result "0-1"]
[WhiteElo "2060"]
[BlackElo "2320"]
[PlyCount "69"]
[EventDate "2003.??.??"]
[EventType "tourn (corr)"]
[EventRounds "2"]
[SourceDate "2004.??.??"]

1. c4 e5 2. Nc3 Nf6 3. Nf3 Nc6 4. g3 d5 5. cxd5 Nxd5 6. Bg2 Nb6 7. O-O Be7 8.
d3 O-O 9. a3 Be6 10. b4 a5 11. b5 Nd4 12. Nd2 c6 13. bxc6 Nxc6 14. Na4 Nxa4 15.
Qxa4 Nd4 16. Qd1 Bg4 17. Nf3 Nxf3+ 18. Bxf3 Bxf3 19. exf3 Qd5 20. Bb2 Bc5 21.
Qe2 f6 22. Qe4 Rfd8 23. Rfd1 Rac8 24. Rab1 b5 25. f4 Qxe4 26. dxe4 exf4 27.
gxf4 Rxd1+ 28. Rxd1 Bxf2+ 29. Kxf2 Rc2+ 30. Ke3 Rxb2 31. h4 Rb3+ 32. Rd3 Rxd3+
33. Kxd3 Kf7 34. Kd4 h6 35. Kc5 0-1

[Event "14PCR_PF02"]
[Site "?"]
[Date "2003.??.??"]
[Round "?"]
[White "Simunek, Jiri"]
[Black "Pytlik, Lesek"]
[Result "0-1"]
[WhiteElo "1800"]
[BlackElo "2260"]
[PlyCount "66"]
[EventDate "2003.??.??"]
[EventType "tourn (corr)"]
[EventRounds "2"]
[SourceDate "2004.??.??"]

1. d4 Nf6 2. c4 e6 3. Nc3 Bb4 4. Qc2 O-O 5. a3 Bxc3+ 6. Qxc3 b6 7. Bg5 Bb7 8.
Nf3 d6 9. e3 Nbd7 10. Bd3 h6 11. Bh4 Rc8 12. Rd1 c5 13. dxc5 Nxc5 14. Bxf6
Nxd3+ 15. Rxd3 Qxf6 16. Qxf6 gxf6 17. b3 d5 18. cxd5 Rfd8 19. Kd2 Rxd5 20. e4
Rdc5 21. Ke3 Ba6 22. Rd7 e5 23. Rhd1 Rc2 24. Ne1 R8c3+ 25. Nd3 Rxb3 26. Rxa7
Rxa3 27. Ra8+ Kg7 28. Rd8 Bc4 29. Rd2 Rcc3 30. h3 b5 31. g3 b4 32. f4 exf4+ 33.
gxf4 Bxd3 0-1

[Event "14PCR_PF02"]
[Site "?"]
[Date "2003.??.??"]
[Round "?"]
[White "Portych, Vaclav"]
[Black "Nosek, Jaroslav"]
[Result "1/2-1/2"]
[WhiteElo "2060"]
[BlackElo "2275"]
[PlyCount "62"]
[EventDate "2003.??.??"]
[EventType "tourn (corr)"]
[EventRounds "2"]
[SourceDate "2004.??.??"]

1. c4 Nf6 2. Nc3 e5 3. Nf3 Nc6 4. g3 Bb4 5. Bg2 O-O 6. O-O d6 7. d3 Bxc3 8.
bxc3 e4 9. Ng5 exd3 10. exd3 Bf5 11. Be3 Qd7 12. Rb1 Rab8 13. Bd4 Nxd4 14. cxd4
d5 15. Rb2 Rfe8 16. Nf3 Bg4 17. Qd2 Bxf3 18. Bxf3 Qf5 19. Kg2 b6 20. Rbb1 Rbd8
21. Qc3 h5 22. Rbe1 h4 23. h3 c6 24. Re5 Rxe5 25. dxe5 d4 26. Qd2 Qxe5 27. Bxc6
Qd6 28. Bf3 hxg3 29. fxg3 Re8 30. Re1 Rxe1 31. Qxe1 Qa3 1/2-1/2